00322nam a2200109Ia 4500008004100000082000800041100002000049245002700069942000600096952009500102999001500197240331s9999 xx 000 0 und d bMAR aMarudhadurai, A 0aTamizhel kolai chinthu cL 001040708LaWERCLbWERCLcSSCd2024-03-31l0o 398 MARp3220r2024-03-31w2024-03-31yL c3639d3639